000 00521nam a2200181Ia 4500
999 _c11083
_d11083
003 OSt
005 20191216124035.0
008 190216s9999||||xx |||||||||||||| ||und||
020 _a9788130908663
040 _coclc
082 _a338.5024658
_bKRE/M
100 _aKreps, David M
_9496
245 0 _aMicroeconomics For Managers /
_cDavid M Kreps
260 _bViva Books,
_c2010.
_aNew Delhi:
300 _a652p
650 _aEconomics
942 _cBK
_2ddc
_h338.5024658
_iKRE/M
_k338.5024658
_mKRE/M